[Event "4th Chennai Open"]
[Site "Chennai IND"]
[Date "2012.01.04"]
[Round "2"]
[White "Santu,M"]
[Black "Ma Qun"]
[Result "0-1"]
[WhiteElo "2130"]
[BlackElo "2475"]

1.d4 d5 2.Nf3 Nf6 3.c4 c6 4.g3 Bf5 5.Nc3 e6 6.Bg2 h6 7.O-O Nbd7 8.Nd2 Be7
9.e4 dxe4 10.Ndxe4 Nxe4 11.Nxe4 O-O 12.Qe2 Nf6 13.Rd1 Qa5 14.Bf4 Rad8 15.Nxf6+ Bxf6
16.Be5 Bxe5 17.Qxe5 Qb4 18.Qe2 Rd7 19.Rd2 Rfd8 20.Rad1 a5 21.d5 exd5 22.cxd5 Bg4
23.Bf3 Bxf3 24.Qxf3 b6 25.Rd3 Rxd5 26.Rxd5 cxd5 27.Rxd5 Rxd5 28.Qxd5 Qxb2
29.Qd8+ Kh7 30.Qd3+ g6 31.Qc4 Kg7 32.a4 Qb4 33.Qc6 Qc5 34.Qe8 h5 35.h4 Qd5
36.Kh2 Kf6 37.Kg1 Kf5 38.Qc8+ Qe6 39.Qc2+ Ke5 40.Qd3 Qc6 41.Qe3+ Kd6 42.Qf4+ Ke6
43.Qe3+ Kd7 44.Qd4+ Kc8 45.Qf4 Qd5 46.Kh2 Kb7 47.Qe3 Qd7 48.Qe4+ Ka7 49.Qc4 Kb7
50.Qe4+ Kc7 51.Qc4+ Kd8 52.Kg1 Qe6 53.Qf4 Kd7 54.Qd4+ Kc6 55.Qc3+ Kd5 56.Qb3+ Kd4
57.Qb2+ Kd3 58.Kh2 Qc6 59.Qb3+ Ke2 60.Kg1 Qc1+ 61.Kh2 Qc5 62.Qa2+ Kf1 63.Qa1+ Kxf2
64.Qf6+ Ke2 65.Qb2+ Kf3 66.Qb3+ Kg4 67.Qxf7 Qc2+ 68.Kh1 Kxg3  0-1

[Event "4th Chennai Open"]
[Site "Chennai IND"]
[Date "2012.01.06"]
[Round "4"]
[White "Debashis,D"]
[Black "Yu Ruiyuan"]
[Result "1/2-1/2"]
[WhiteElo "2389"]
[BlackElo "2491"]

1.d4 d5 2.c4 c6 3.Nf3 dxc4 4.e3 Be6 5.Qc2 b5 6.Ng5 Qd7 7.Nxe6 Qxe6 8.a4 Nf6
9.axb5 cxb5 10.Nc3 Qc6 11.b3 Nbd7 12.bxc4 bxc4 13.Ba3 e5 14.Bxf8 Kxf8 15.Qd2 exd4
16.Qxd4 Nb6 17.Rd1 Re8 18.h4 Ne4 19.h5 f6 20.h6 Nxc3 21.Qxc3 Qe4 22.Rh5 Kf7
23.Rd4 Qb1+ 24.Rd1 Qe4 25.Rd4 Qb1+ 26.Rd1 Qe4  1/2-1/2

[Event "4th Chennai Open"]
[Site "Chennai IND"]
[Date "2012.01.07"]
[Round "6"]
[White "Akshayraj,K"]
[Black "Yu Ruiyuan"]
[Result "0-1"]
[WhiteElo "2386"]
[BlackElo "2491"]

1.d4 d5 2.c4 c6 3.Nf3 dxc4 4.e3 Be6 5.a4 Nf6 6.Nc3 g6 7.Be2 Bg7 8.O-O O-O
9.e4 Na6 10.a5 Nb4 11.Ng5 Qc8 12.Ra4 Nd3 13.Nxe6 Qxe6 14.e5 Ne4 15.Rxc4 Nxc3
16.Rxc3 Nxc1 17.Rxc1 Rad8 18.Qa4 Qd5 19.Rc4 a6 20.Rb4 Rd7 21.Bg4 Rc7 22.Bf3 Qe6
23.Re1 Rd8 24.Qc2 Qc8 25.Rc4 e6 26.h4 Rcd7 27.Qc3 Rc7 28.h5 Qd7 29.g3 Qe7
30.Kg2 Qg5 31.Rh1 Bh6 32.hxg6 hxg6 33.d5 exd5 34.Rg4 Qd2 35.Qc5 Re8 36.Rd1 Qxb2
37.Bxd5 Rd7 38.Bxf7+ Rxf7 39.Rxg6+ Kh7 40.Rdd6 Bg7 41.Rxg7+ Rxg7 42.Rd4 Qb3
43.Rc4 Qxc4  0-1

[Event "TCh-CZE Extraliga 2011-12"]
[Site "Czech Republic CZE"]
[Date "2012.01.07"]
[Round "5.5"]
[White "Konopka,M"]
[Black "Velicka,P"]
[Result "1/2-1/2"]
[WhiteElo "2436"]
[BlackElo "2462"]

1.d4 d5 2.c4 c6 3.Nf3 Nf6 4.Qb3 Qb6 5.Nc3 Bg4 6.cxd5 Qxb3 7.axb3 Bxf3 8.gxf3 Nxd5
9.Nxd5 cxd5 10.e4 e6 11.Bb5+ Nc6 12.Bxc6+ bxc6 13.Ra6 Kd7 14.Bf4 Bd6 15.Bxd6 Kxd6
16.Kd2 Rhb8 17.Kc3 Rb6 18.Rha1 Rxa6 19.Rxa6 Kc7 20.b4  1/2-1/2

[Event "ch-AUS 2011-12"]
[Site "North Geelong AUS"]
[Date "2012.01.07"]
[Round "10.8"]
[White "Illingworth,M"]
[Black "Liu,Yi"]
[Result "0-1"]
[WhiteElo "2401"]
[BlackElo "2039"]

1.d4 d5 2.c4 c6 3.Nf3 Nf6 4.Nbd2 Bf5 5.Nh4 Be4 6.f3 Bg6 7.Nxg6 hxg6 8.e3 e6
9.Bd3 Bd6 10.f4 c5 11.Nb3 cxd4 12.c5 Bxc5 13.Nxc5 Qa5+ 14.Bd2 Qxc5 15.Rc1 Qb6
16.Rc8+ Ke7 17.Rxh8 dxe3 18.Bc1 Qb4+ 19.Ke2 Ng4 20.Qc2 Nc6 21.Kf3 g5 22.Qxc6 bxc6
23.Rxa8 Qxf4+ 24.Ke2 Qf2+ 25.Kd1 Qxg2 26.Rf1 Nf2+ 27.Rxf2 exf2 28.Re8+ Kxe8  0-1

[Event "TCh-CZE Extraliga 2011-12"]
[Site "Czech Republic CZE"]
[Date "2012.01.08"]
[Round "6.4"]
[White "Jirka,J"]
[Black "Cerveny,M"]
[Result "1-0"]
[WhiteElo "2415"]
[BlackElo "2347"]

1.d4 d5 2.Nf3 Nf6 3.g3 c6 4.c4 Bf5 5.Nc3 e6 6.Nh4 dxc4 7.Nxf5 exf5 8.e3 Bb4
9.Bxc4 O-O 10.Qb3 Qe7 11.O-O a5 12.a3 Bd6 13.Bd2 h5 14.Qc2 Qd7 15.f3 Na6
16.Kh1 c5 17.Nb5 cxd4 18.exd4 Rac8 19.Qd3 Bb8 20.Rad1 Nc7 21.Nxc7 Bxc7 22.d5 h4
23.Bc3 hxg3 24.hxg3 Nh5 25.f4 Bd6 26.Kg2 Qd8 27.Rh1 g6 28.Rxh5 gxh5 29.Rh1 Qd7
30.Bb5 Qe7 31.Qxf5 f6 32.Rxh5 Rc7 33.Rg5+ Kh8 34.Qh3+ Qh7 35.Rh5  1-0

[Event "4th Chennai Open"]
[Site "Chennai IND"]
[Date "2012.01.12"]
[Round "11"]
[White "Laxman,R"]
[Black "Bartakke,A"]
[Result "1-0"]
[WhiteElo "2434"]
[BlackElo "2178"]

1.Nf3 Nf6 2.c4 c6 3.d4 d5 4.Qc2 a6 5.Bf4 dxc4 6.Qxc4 e6 7.Qc2 Nbd7 8.Nbd2 Be7
9.e4 c5 10.dxc5 Bxc5 11.Bd3 h6 12.Nb3 Bb4+ 13.Ke2 Qe7 14.Rac1 O-O 15.a3 Bd6
16.Bxd6 Qxd6 17.Qc7 Qxc7 18.Rxc7 Rd8 19.Na5 Rb8 20.b4 Ne8 21.Rc3 Nb6 22.Rhc1 Bd7
23.Ne5 Ba4 24.Nac4 Nxc4 25.Nxc4 Bb5 26.Na5 Ba4 27.Ke3 Kf8 28.e5 f5 29.f4 g5
30.g3 Bd7 31.Be2 Rdc8 32.Rxc8 gxf4+ 33.gxf4 Rxc8 34.Rxc8 Bxc8 35.Bf3 Nc7
36.Nxb7 Nb5 37.Nd6 Nxa3 38.Nxc8 Nc2+ 39.Kd2 Nxb4 40.Kc3 a5 41.Nb6 Na2+ 42.Kc4 Nb4
43.Nd7+ Ke8 44.Nc5 Ke7 45.Kb5 Nc2 46.Kxa5 Nd4 47.Bd1  1-0

[Event "72nd ch-ARM"]
[Site "Yerevan ARM"]
[Date "2012.01.13"]
[Round "3"]
[White "Grigoryan,K2"]
[Black "Petrosian,TL"]
[Result "0-1"]
[WhiteElo "2482"]
[BlackElo "2636"]

1.d4 d5 2.c4 c6 3.Nf3 Nf6 4.Qc2 dxc4 5.Qxc4 Bf5 6.g3 e6 7.Bg2 Nbd7 8.e3 Be7
9.O-O O-O 10.Rd1 Qc7 11.Nc3 Nd5 12.Ne1 Nxc3 13.bxc3 e5 14.e4 Bg4 15.f3 Be6
16.Qe2 Qa5 17.Bd2 Nb6 18.Nc2 Rad8 19.Be1 Qa4 20.Bf2 Bc4 21.Qd2 Ba6 22.f4 exf4
23.gxf4 f5 24.e5 Nd5 25.Bg3 Qa5 26.Be1 Rd7 27.Bf3 Kh8 28.Kh1 Qa4 29.Rac1 Qc4
30.Bg2 Qe2 31.Rb1 Nxf4 32.Qxf4 Qxc2 33.Qg3 Bc4 34.Bd2 Be2 35.Rbc1 Qxa2 36.Ra1 Qc2
37.Rac1 Qd3 38.Qxd3 Bxd3 39.Ra1 a6 40.e6 Rdd8 41.Bf4 Bc4 42.Rdb1 Rf6 43.Rxb7 Rxe6
44.Bf1 Bd5+ 45.Bg2 Bf6 46.Ra7 g5 47.Bc7 Rde8 48.Bxd5 cxd5 49.R7xa6 Kg7 50.Rxe6 Rxe6
51.Ra5 Rc6 52.Ra7 Kg6 53.Ba5 f4 54.Rd7 Re6 55.Rxd5 f3 56.c4 g4 57.Kg1 Re4
58.Kf1 Bxd4 59.Bc7 Bc3 60.c5 Re1+ 61.Kf2 Rc1 62.Bf4 Be1+ 63.Ke3 Rc3+ 64.Ke4 Rc4+
65.Ke5 Bc3+  0-1

[Event "TCh-AUT 2 Ost 2011-12"]
[Site "Vienna AUT"]
[Date "2012.01.14"]
[Round "5"]
[White "Erdos,V"]
[Black "Zilka,S"]
[Result "1/2-1/2"]
[WhiteElo "2608"]
[BlackElo "2517"]

1.d4 d5 2.c4 c6 3.Nf3 Nf6 4.Qb3 e6 5.Bg5 Be7 6.Nbd2 O-O 7.g3 h6 8.Bxf6 Bxf6
9.Bg2 b6 10.O-O Ba6 11.Rfd1 Nd7 12.e4 Bb7 13.cxd5 cxd5 14.e5 Be7 15.Ne1 Nb8
16.f4 Nc6 17.Ndf3 Rc8 18.Qe3 Qd7 19.Bh3 Nb4 20.Rd2 Ba6 21.g4 Qa4 22.b3 Qa3
23.Rg2 Rc6 24.g5 hxg5 25.Nxg5 Bxg5 26.Rxg5 Qb2 27.Rxg7+ Kxg7 28.Qg3+ Kh8
29.Qh4+ Kg8 30.Qg5+ Kh8 31.Qh6+ Kg8 32.Qg5+  1/2-1/2

[Event "72nd ch-ARM"]
[Site "Yerevan ARM"]
[Date "2012.01.14"]
[Round "4"]
[White "Melkumyan,H"]
[Black "Grigoryan,Av"]
[Result "1/2-1/2"]
[WhiteElo "2620"]
[BlackElo "2621"]

1.d4 d5 2.c4 dxc4 3.Nf3 c6 4.e3 Be6 5.Nc3 b5 6.a4 b4 7.Na2 a5 8.Ng5 Bd5 9.e4 h6
10.exd5 hxg5 11.Bxc4 cxd5 12.Bb5+ Nd7 13.Bxg5 Nf6 14.Nc1 Ne4 15.Nd3 f6 16.Qg4 Nxg5
17.Nc5 Kf7 18.Bxd7 e5 19.Be6+ Nxe6 20.Qxe6+ Kg6 21.Nd3 Bd6 22.dxe5 Re8 23.Qg4+ Kf7
24.f4 fxe5 25.fxe5 Bxe5 26.O-O+ Kg8 27.Rf3 Ra6 28.Raf1 Rh6 29.h3 Qb6+ 30.Kh1 Qe6
31.Rf5 Bb8 32.Nf4 Bxf4 33.Qxf4 Rg6 34.Qd2 Rd8 35.R5f4 Rg5 36.Qd3 Qg6 37.Qxg6 Rxg6
38.Rd4 Rg5  1/2-1/2

[Event "TCh-CZE Liga 1 Zapad"]
[Site "Czech Rep CZE"]
[Date "2012.01.15"]
[Round "6.3"]
[White "Freisler,P"]
[Black "Meduna,E1"]
[Result "1/2-1/2"]
[WhiteElo "2323"]
[BlackElo "2420"]

1.Nf3 Nf6 2.c4 c6 3.d4 d5 4.Qc2 Bg4 5.Nbd2 e6 6.g3 Nbd7 7.Bg2 Be7 8.O-O Bf5
9.Qb3 Qb6 10.Nh4 Qxb3 11.Nxb3 Be4 12.f3 Bg6 13.Nxg6 hxg6 14.cxd5 exd5 15.Bd2 Nb6
16.Na5 O-O-O 17.Rfd1 Ne8 18.e3 Nd6 19.Bf1 Kb8 20.a4 Rhe8 21.Kf2 Nf5 22.b4 Bg5
23.Ra3 Rc8 24.h4 Be7 25.Bh3 Bd6 26.Bxf5 gxf5 27.Raa1 Be7 28.Ke2 f4 29.gxf4 Bxh4
30.b5 cxb5 31.axb5 Be7 32.Rac1 Rxc1 33.Rxc1 f5 34.Re1 Rh8 35.Rg1 Rh2+ 36.Kd3 Bf6
37.Bb4 Nc8 38.Nb3 Rb2 39.Kc3 Re2 40.Kd3  1/2-1/2

[Event "10th Parsvnath Open"]
[Site "New Delhi IND"]
[Date "2012.01.15"]
[Round "2"]
[White "Ghosh,D"]
[Black "Sanjeev,B"]
[Result "1-0"]
[WhiteElo "2372"]
[BlackElo "2029"]

1.d4 d5 2.c4 c6 3.Nf3 Nf6 4.Qc2 a6 5.Bf4 Nh5 6.Bd2 Nf6 7.Bf4 Nh5 8.Bg5 h6
9.Bh4 b5 10.cxd5 cxd5 11.e3 Bb7 12.Bd3 Nc6 13.Qe2 Nf6 14.Bxf6 exf6 15.Nbd2 Nb4
16.Bb1 Rc8 17.Nb3 Qb6 18.O-O Be7 19.a3 Nc6 20.e4 Nd8 21.e5 O-O 22.Bf5 Rc4
23.Rfe1 g6 24.Bd3 Ne6 25.Qe3 f5 26.Qxh6 Rd8 27.Qd2 b4 28.a4 a5 29.Qe3 Ba6
30.h4 Rc6 31.g3 f4 32.Qe2 Bc4 33.Qd1 fxg3 34.fxg3 Bxb3 35.Qxb3 Nxd4 36.Nxd4 Qxd4+
37.Kg2 Re6 38.Rad1 Bc5 39.Qc2 b3 40.Qe2 Qxa4 41.Qf3 Qe8 42.h5 Rxe5 43.hxg6 f6
44.Qxf6 Bd6 45.Rh1 Re2+ 46.Kf1  1-0

[Event "37th Seville Open"]
[Site "Seville ESP"]
[Date "2012.01.15"]
[Round "9"]
[White "Melero Fidalgo,J"]
[Black "Haslinger,S"]
[Result "0-1"]
[WhiteElo "2251"]
[BlackElo "2534"]

1.d4 d5 2.c4 c6 3.Nf3 Nf6 4.Nbd2 Bf5 5.Nh4 Be4 6.f3 Bg6 7.Nxg6 hxg6 8.g3 e6
9.Bg2 c5 10.e3 cxd4 11.exd4 Nc6 12.cxd5 Qxd5 13.Nb3 a5 14.Be3 Bb4+ 15.Kf2 Qf5
16.Qb1 Ng4+ 17.Ke2 Qd5 18.Qe4 Qxe4 19.fxe4 a4 20.Nc1 Nxe3 21.Kxe3 a3 22.Rb1 axb2
23.Rxb2 Bc3 24.Rxb7 Bxd4+ 25.Kd2 O-O 26.Bf1 Ne5 27.Bb5 Rfd8 28.Kc2 Be3 29.Kb1 Ra3
30.Nb3 Nf3 31.Rf1 Nd2+ 32.Nxd2 Rxd2 33.Rfxf7 Bd4 34.Bc4 Rc3 35.Bb3 Rc6 36.Ba4 Rc4
37.Rfd7 Rxa4 38.e5 Rc4 39.a4 Rd1+ 40.Ka2 Rc2+ 41.Kb3 Rb2+  0-1

[Event "TCh-SVK Extraliga 2011-12"]
[Site "Slovakia SVK"]
[Date "2012.01.15"]
[Round "6"]
[White "Tibensky,R"]
[Black "Velicka,P"]
[Result "1/2-1/2"]
[WhiteElo "2410"]
[BlackElo "2462"]

1.d4 d5 2.Nf3 Nf6 3.c4 c6 4.Qc2 g6 5.Bf4 Bg7 6.e3 O-O 7.Nc3 Bf5 8.Bd3 e6
9.b3 c5 10.O-O Nc6 11.Bxf5 gxf5 12.Rad1 cxd4 13.Nxd4 Ne4 14.Nxe4 fxe4 15.Nb5 a6
16.Nc7 e5 17.Nxa8 exf4 18.Nc7 d4 19.Qxe4 fxe3 20.fxe3 Qxc7 21.exd4 Nxd4 22.Kh1 Rd8
23.Rd3 b5 24.cxb5 axb5 25.Rfd1 b4 26.h3 Qc5 27.Qe3 Qe5 28.Qf2 Qf6 29.Qe3 Qe5
30.Qf2 Qf6 31.Qe3  1/2-1/2

[Event "TCh-SVK Extraliga 2011-12"]
[Site "Slovakia SVK"]
[Date "2012.01.15"]
[Round "6"]
[White "Dovzik,J"]
[Black "Bombek,P"]
[Result "1/2-1/2"]
[WhiteElo "2341"]
[BlackElo "2179"]

1.Nf3 d5 2.d4 Nf6 3.c4 c6 4.Qc2 e6 5.Nbd2 Nbd7 6.g3 Bd6 7.Bg2 O-O 8.O-O Re8
9.Rd1 Qe7 10.e4 dxe4 11.Nxe4 Nxe4 12.Qxe4 e5 13.dxe5 Nxe5 14.Nxe5 Bxe5 15.Bf4 Bg4
16.Re1 Bf6 17.Qxe7 Rxe7 18.Rxe7 Bxe7 19.h3 Bf5 20.g4 Be6 21.b3  1/2-1/2

[Event "20th Fajr Open"]
[Site "Tabriz IRI"]
[Date "2012.01.15"]
[Round "4.1"]
[White "Ibrahimov,R"]
[Black "Abdulov,Or"]
[Result "1-0"]
[WhiteElo "2550"]
[BlackElo "2429"]

1.Nf3 Nf6 2.c4 c6 3.d4 d5 4.Qc2 dxc4 5.Qxc4 Bf5 6.g3 e6 7.Bg2 Be7 8.O-O h6
9.Nc3 O-O 10.Re1 b5 11.Qb3 b4 12.Na4 Nbd7 13.Bf4 Rc8 14.Rad1 Be4 15.Ne5 Bxg2
16.Kxg2 Nd5 17.Nxd7 Nxf4+ 18.gxf4 Qxd7 19.Qf3 f5 20.Nc5 Qe8 21.e3 e5 22.Kf1 g5
23.fxe5 Bxc5 24.dxc5 Qxe5 25.Rd6 Qxh2 26.Ke2 Qh4 27.Rh1 Qc4+ 28.Ke1 Qc1+
29.Qd1 Qxd1+ 30.Kxd1 Rfe8 31.Rhxh6 Re5 32.Rxc6 Rd5+ 33.Ke1 Rxc5 34.Rhg6+ Kf7
35.Rgf6+ Kg7 36.Rxc8 Rxc8 37.Rxf5 Kg6 38.Ra5 Rc1+ 39.Kd2 Rb1 40.b3 Rb2+ 41.Ke1 g4
42.Kf1 Rc2 43.Kg2 Rc7 44.Rb5 Rc2 45.Rxb4 Rxa2 46.Rxg4+ Kf5 47.Ra4  1-0

[Event "10th Parsvnath Open"]
[Site "New Delhi IND"]
[Date "2012.01.16"]
[Round "3"]
[White "Laxman,R"]
[Black "Anurag,M"]
[Result "1/2-1/2"]
[WhiteElo "2434"]
[BlackElo "2240"]

1.Nf3 d5 2.d4 Nf6 3.c4 c6 4.Qc2 g6 5.Bf4 Bg7 6.e3 Bf5 7.Qb3 Qb6 8.c5 Qxb3
9.axb3 Nh5 10.Be5 Bxb1 11.Rxb1 Nd7 12.Bxg7 Nxg7 13.b4 a6 14.Nd2 e5 15.Nb3 Kd8
16.Kd2 Ne6 17.Kc3 Kc7 18.h4 Rae8 19.g3 f5 20.dxe5 Nxe5 21.Be2 Nd7 22.Rbe1 Nf6
23.f3 Re7 24.Kd2 Rhe8 25.Bd3 Rd7 26.Nd4 Rde7 27.Nc2 Rd7 28.Rhg1 a5 29.bxa5 Ne4+
30.Ke2 N4xc5 31.b4 Ne4 32.fxe4 fxe4 33.Bxe4 dxe4 34.Rd1 Red8 35.Rxd7+ Kxd7
36.g4 Ke7 37.g5 Kd6 38.Na3 Nc7 39.Nc4+ Ke6 40.Rg4 Kd5 41.Nb6+ Ke5 42.Rf4 Nb5
43.Rf7 Nc3+ 44.Kf1 Rd1+ 45.Kg2 Rd2+ 46.Kg3 Re2 47.Kg4 Rg2+ 48.Kh3 Re2 49.Rxb7 Rxe3+
50.Kg4 Re1 51.a6 Rg1+ 52.Kh3 Nd5 53.Nc4+ Kd4 54.a7 Ra1 55.Na5 Ra3+ 56.Kh2 Ra2+
57.Kg1 Ra1+ 58.Kf2 Ra2+ 59.Ke1 Ke3 60.Nc4+ Kd4 61.Na5 Ke3 62.Nc4+ Kd4 63.Na5 Ke3
64.Kf1 Ra1+ 65.Kg2 Nf4+ 66.Kg3 Rg1+ 67.Kh2 Kf2 68.a8=Q Rg2+ 69.Kh1 Rg1+ 70.Kh2 Rg2+
71.Kh1 Rg1+  1/2-1/2

[Event "10th Parsvnath Open"]
[Site "New Delhi IND"]
[Date "2012.01.17"]
[Round "5"]
[White "Akash Pc,I"]
[Black "Debashis,D"]
[Result "0-1"]
[WhiteElo "2151"]
[BlackElo "2389"]

1.d4 d5 2.c4 c6 3.Nf3 Nf6 4.Qc2 g6 5.Nbd2 Bg7 6.g3 O-O 7.Bg2 Bf5 8.Qb3 Qc8
9.Ne5 Na6 10.O-O c5 11.cxd5 cxd4 12.Nd3 b6 13.d6 exd6 14.Bxa8 Qxa8 15.Re1 Nc5
16.Qd1 Re8 17.Nf3 Be4 18.Nf4 d3 19.Ng5 Bf5 20.exd3 Rxe1+ 21.Qxe1 h6 22.Ne4 Ng4
23.f3 Ne5 24.Qe2 g5 25.Nh5 Ncxd3 26.Nxg7 Kxg7 27.Bd2 Nxf3+ 28.Qxf3 Qxe4 29.Bc3+ Kg6
30.Qxe4 Bxe4 31.Bd4 f5 32.a4 a6 33.Bxb6 Nxb2 34.Bd4 Nc4 35.Rc1 d5 36.Kf2 Kh5
37.h3 g4 38.h4 f4 39.Bf6 fxg3+ 40.Kxg3 Nd6 41.Kf4 Nf5 42.Rc3 Nxh4 43.Bxh4 Kxh4
44.Rc6 h5 45.Rxa6 g3 46.Rc6 g2 47.Rc1 Kh3 48.a5 Bd3 49.Kf3 Kh2 50.Kf2 h4
51.Rg1 h3 52.Rd1 Ba6 53.Rc1 d4  0-1

[Event "20th Fajr Open"]
[Site "Tabriz IRI"]
[Date "2012.01.19"]
[Round "10.4"]
[White "Ibrahimov,R"]
[Black "Feyli,S"]
[Result "1-0"]
[WhiteElo "2550"]
[BlackElo "2169"]

1.Nf3 Nf6 2.c4 c6 3.d4 d5 4.Qc2 g6 5.Bf4 Bg7 6.e3 O-O 7.Nc3 Ne4 8.Bd3 Nxc3
9.bxc3 dxc4 10.Bxc4 Nd7 11.O-O Qa5 12.e4 e5 13.Bg3 Nb6 14.Bb3 c5 15.dxc5 Qxc5
16.Ne1 Qe7 17.Nd3 Be6 18.Bxe6 Qxe6 19.Qb3 Rfe8 20.f3 Qc4 21.Rfd1 Rac8 22.Qxc4 Rxc4
23.Be1 Na4 24.Nb4 f5 25.Rd7 fxe4 26.fxe4 Rxe4 27.Rxb7 Rc4 28.Nd5 e4 29.Rd1 e3
30.Rd3 Rce4 31.Rb4 e2 32.Rxe4 Rxe4 33.Kf2 Nb2 34.Rd2 Nd1+ 35.Kf3 Rc4 36.Kxe2 Nxc3+
37.Nxc3 Bxc3 38.Rd8+ Kf7 39.Kd3 Bf6 40.Rd7+ Ke6 41.Rxa7 Rd4+ 42.Ke3 Rc4 43.Ra6+ Kf7
44.Kd3 Rd4+ 45.Ke3 Rc4 46.h3 Rc2 47.Kf3 h5 48.Ra4 Rc1 49.Bd2 Rc2 50.Be3 Be7
51.g3 Bf6 52.h4 Be7 53.Bf4 Ke6 54.Ke4 Re2+ 55.Kd3 Rb2 56.Re4+ Kf7 57.a4 Ra2
58.Kc3 Bf8 59.Kb3 Ra3+ 60.Kb2 Rd3 61.Rc4 Ke6 62.Rc6+ Kf5 63.a5 Rd5 64.a6 Rb5+
65.Kc3 Ra5 66.Kc4 Ra2 67.Kb3 Ra3+ 68.Kb2 Ra5 69.Bc7 Ra4 70.Kb3 Ra1 71.Bd6 Bg7
72.Kb4 Bd4 73.Kb5 Rb1+ 74.Kc4 Bf2 75.Bc5 Rc1+ 76.Kb5 Rb1+ 77.Bb4 Ra1 78.Rf6+ Kxf6
79.Bc3+ Kf5 80.Bxa1 g5 81.hxg5 Kxg5 82.Kc6 Kf5 83.Bc3 Kg4 84.Be5 Be3 85.Kb7  1-0

[Event "10th Parsvnath Open"]
[Site "New Delhi IND"]
[Date "2012.01.22"]
[Round "10.17"]
[White "Laxman,R"]
[Black "Mu Ke"]
[Result "1-0"]
[WhiteElo "2434"]
[BlackElo "2294"]

1.Nf3 Nf6 2.c4 c6 3.d4 d5 4.Qc2 g6 5.Bf4 dxc4 6.Qxc4 Be6 7.Qc1 Bg7 8.e3 Nbd7
9.Bc4 Bxc4 10.Qxc4 Nh5 11.Bg5 h6 12.Bh4 g5 13.Bg3 Nxg3 14.hxg3 c5 15.Nc3 Rc8
16.d5 a6 17.Qe4 Qa5 18.O-O Qb4 19.Qc2 O-O 20.a3 Qb6 21.Rae1 Rc7 22.Re2 f5
23.Rd1 Qd6 24.a4 Ne5 25.Nxe5 Bxe5 26.f4 Bg7 27.Rf2 e6 28.dxe6 Qxe6 29.Nd5 Rcf7
30.Qxc5 gxf4 31.Nxf4 Qb3 32.Rfd2 b6 33.Qa3 Qxa3 34.bxa3 Re8 35.Kf2 Re4 36.Rd8+ Rf8
37.R8d6 Rxa4 38.Rxb6 Rxa3 39.Rd7 Rf7 40.Rb8+ Bf8 41.Rdd8 Rf6 42.Re8 Rc3 43.Ne6 Rxe6
44.Rxe6 Kf7 45.Rxa6 Rc7 46.Ra5  1-0

[Event "Gibraltar Open"]
[Site "Caleta ENG"]
[Date "2012.01.25"]
[Round "2.26"]
[White "Brunello,S"]
[Black "Kuipers,S"]
[Result "1-0"]
[WhiteElo "2581"]
[BlackElo "2391"]

1.d4 d5 2.c4 c6 3.Nf3 Nf6 4.Nbd2 Bf5 5.Nh4 Bg6 6.Qb3 Qb6 7.Qh3 Na6 8.Nxg6 hxg6
9.Qxh8 Nb4 10.c5 Qa5 11.Kd1 Ne4 12.Nxe4 dxe4 13.Bd2 e3 14.fxe3 Qb5 15.b3 Nxa2
16.Kc2 Nb4+ 17.Bxb4 Qxb4 18.Qh4  1-0

[Event "ch-Belgrade 2012"]
[Site "Belgrade SRB"]
[Date "2012.01.27"]
[Round "6.15"]
[White "Kostic,Mil"]
[Black "Kozaicevski,Fedja"]
[Result "1-0"]
[WhiteElo "2287"]
[BlackElo "1793"]

1.Nf3 d5 2.d4 Nf6 3.c4 c6 4.Qb3 dxc4 5.Qxc4 Bf5 6.Nc3 e6 7.g3 Nbd7 8.Bg2 Be7
9.O-O O-O 10.Re1 b5 11.Qb3 b4 12.Na4 Rc8 13.Bg5 a5 14.Rac1 Ne4 15.Bxe7 Qxe7
16.Qe3 Ndf6 17.Ne5 h6 18.Nc5 Nd5 19.Qd3 Ndf6 20.Qe3 Nd5 21.Qb3 Ndf6 22.Nxe4 Bxe4
23.Bxe4 Nxe4 24.Qe3 Nd6 25.Nxc6 Qc7 26.Rc5 Nf5 27.Qd3 a4 28.Rec1 Qd6 29.e4  1-0

[Event "Moscow Open 2012 A"]
[Site "Moscow RUS"]
[Date "2012.01.28"]
[Round "1.22"]
[White "Rakhmanov,Ale"]
[Black "Nikologorskiy,K"]
[Result "1/2-1/2"]
[WhiteElo "2593"]
[BlackElo "2353"]

1.d4 d5 2.c4 c6 3.Nf3 Nf6 4.Qb3 g6 5.e3 Bg7 6.Nc3 O-O 7.Bd2 a6 8.a4 Ra7 9.Be2 Be6
10.O-O Nbd7 11.cxd5 Nxd5 12.Ng5 Nc7 13.Nxe6 Nxe6 14.Rfd1 c5 15.d5 Nc7 16.Ne4 Ne8
17.Bc3 Bxc3 18.Qxc3 Qc7 19.Rac1 b6 20.d6 exd6 21.b3 Qc6 22.Qd3 b5 23.axb5 axb5
24.Nc3 b4 25.Nd5 Ne5 26.Qe4 Qb7 27.Qb1 f5 28.Qb2 Qg7 29.Qd2 h5 30.Bb5 Nf6
31.Nf4 Ne4 32.Qd5+ Qf7 33.Ne2 Qxd5 34.Rxd5 Rb8 35.f3 Nc3 36.Nxc3 bxc3 37.Ba4 Rb6
38.Rxc3 Kf7 39.h3 Ke7 40.Kh2 Rb4 41.Rd2  1/2-1/2

[Event "Moscow Open F 2012"]
[Site "Moscow RUS"]
[Date "2012.01.28"]
[Round "1.1"]
[White "Papin,V"]
[Black "Mulyukov,Artur"]
[Result "1-0"]
[WhiteElo "2570"]
[BlackElo "2059"]

1.d4 d5 2.Nf3 Nf6 3.c4 c6 4.Qc2 dxc4 5.Qxc4 b5 6.Qc2 Bb7 7.e4 e6 8.Bd3 Be7
9.O-O Nbd7 10.Nc3 a6 11.e5 Nd5 12.Nxd5 cxd5 13.Bxh7 Rc8 14.Qb1 Nf8 15.Bd3 g6
16.Bd2 Nh7 17.a4 b4 18.a5 Rc4 19.b3 Rc8 20.Qe1 g5 21.h3 g4 22.hxg4 Ng5 23.Nxg5 Bxg5
24.f4 Bh4 25.Qe3 Be7 26.g5  1-0

[Event "Moscow Open Women 2012"]
[Site "Moscow RUS"]
[Date "2012.01.28"]
[Round "1.33"]
[White "Sukhareva,E"]
[Black "Leolko,Ludmila"]
[Result "1-0"]
[WhiteElo "2212"]
[BlackElo "1794"]

1.d4 d5 2.Nf3 Nf6 3.c4 c6 4.Qc2 dxc4 5.Qxc4 Bg4 6.Nc3 Nbd7 7.e4 Bxf3 8.gxf3 e5
9.Be3 exd4 10.Bxd4 Bd6 11.O-O-O Qc7 12.h4 O-O 13.Bh3 c5 14.Nb5 Bf4+ 15.Be3 Bxe3+
16.fxe3 Qc8 17.Qc3 Qc6 18.Nd6 Rad8 19.Nf5 Qa4 20.Rhg1 Qxa2 21.Nxg7 Kh8 22.Nh5 Qa1+
23.Kc2 Qa4+ 24.Kb1 Ne5 25.Rxd8 Rxd8 26.Nxf6 Rd1+ 27.Rxd1 Qxd1+ 28.Ka2 Qa4+
29.Qa3 Qc4+ 30.Kb1 Qe2 31.Qxc5 Kg7 32.Nh5+ Kh6  1-0

[Event "Moscow Open Women 2012"]
[Site "Moscow RUS"]
[Date "2012.01.29"]
[Round "2.38"]
[White "Muksimova,Oksana"]
[Black "Tarasova,Viktoriy"]
[Result "0-1"]
[WhiteElo "1748"]
[BlackElo "2294"]

1.d4 d5 2.Nf3 Nf6 3.c4 c6 4.Qc2 dxc4 5.Qxc4 Bg4 6.Nbd2 Nbd7 7.g3 e6 8.Bg2 Be7
9.Ne5 Bh5 10.Nxd7 Nxd7 11.O-O O-O 12.Nb3 Rc8 13.Bd2 Re8 14.Bc3 Qc7 15.Rfd1 Bf6
16.Rd2 Nb6 17.Qc5 Bg6 18.Ba5 Be7 19.Qc3 Qb8 20.e4 Na4 21.Qc4 b6 22.Bc3 b5
23.Qe2 b4 24.Rc1 bxc3 25.bxc3 Bf8  0-1

[Event "Moscow Open D 2012"]
[Site "Moscow RUS"]
[Date "2012.01.29"]
[Round "2"]
[White "Reshetnikov,Al"]
[Black "Stukopin,A"]
[Result "1/2-1/2"]
[WhiteElo "2514"]
[BlackElo "2460"]

1.d4 d5 2.c4 c6 3.Nf3 Nf6 4.Qb3 dxc4 5.Qxc4 g6 6.Nc3 Bg7 7.e4 O-O 8.h3 b6
9.Qb3 Bb7 10.Be3 c5 11.d5 Qc8 12.Bc4 Ba6 13.O-O Bxc4 14.Qxc4 e6 15.dxe6 Qxe6
16.Qxe6 fxe6 17.Rad1 Ne8 18.Rd2 Nc6 19.Rfd1 Na5 20.Rc2 Nc7 21.Rd7 Rac8 22.Ne2 Nc6
23.a3 Rfd8 24.Rxd8+ Rxd8 25.b4 Nb5 26.bxc5 Nxa3 27.Ra2 Nc4 28.cxb6 Nxe3 29.fxe3 axb6
30.Ra6 Rb8  1/2-1/2

[Event "Moscow Open Women 2012"]
[Site "Moscow RUS"]
[Date "2012.01.29"]
[Round "2.27"]
[White "Enkhtuul,A"]
[Black "Akopova,A"]
[Result "1/2-1/2"]
[WhiteElo "2211"]
[BlackElo "2008"]

1.Nf3 d5 2.d4 Nf6 3.c4 c6 4.g3 g6 5.Bg2 Bg7 6.O-O O-O 7.Qb3 Nbd7 8.Bf4 dxc4
9.Qxc4 Nd5 10.Nc3 Nxf4 11.gxf4 Nb6 12.Qc5 Qd6 13.Qxd6 exd6 14.e3 Bg4 15.Ne4 Rad8
16.Rac1 Nd5 17.h3 Bc8 18.b3 Be6 19.Rfd1 Rfe8 20.Ng3 Bc8 21.a3 Re7 22.b4 Be6
23.Ng5 h6 24.Nxe6 fxe6 25.Be4 Kf7 26.h4 Nf6 27.Kf1 Nxe4 28.Nxe4 Red7 29.Ke2 e5
30.dxe5 dxe5 31.Rxd7+ Rxd7 32.Nc5 Re7 33.fxe5 Bxe5 34.a4 h5 35.Nd3 Bd6 36.Rc4 Kf6
37.f4 Kf5 38.Kf3 Rc7 39.e4+ Ke6 40.e5 Be7 41.Ke4 b6 42.Ke3 Bd8 43.Ne1 c5
44.bxc5 Rxc5 45.Rd4 Rd5 46.Rc4 Rc5 47.Rd4 Rd5 48.Re4 Be7 49.Nf3 Bc5+ 50.Nd4+ Kd7
51.Kd3 Be7 52.Ke2 a6 53.f5 gxf5 54.Nxf5 Bf8 55.Kf3 Ke6 56.Kf4 b5 57.axb5 axb5
58.Nd4+ Kf7 59.Kf5 b4 60.Rf4 Bh6 61.Re4 Bf8 62.Kg5 Bg7 63.Rf4+ Ke8 64.Nf5 Bxe5
65.Rxb4 Bd6 66.Rb7 Bc5 67.Kg6 Bf2 68.Kf6 Ra5 69.Rh7 Rxf5+ 70.Kxf5 Bxh4 71.Rxh5 Bg3
72.Ke6 Kd8 73.Rh7 Kc8 74.Rg7 Bc7 75.Kd5 Kb7 76.Kc5 Kb8 77.Kc6 Be5 78.Rb7+ Ka8
79.Re7 Bf4 80.Kb6 Bg3 81.Rf7 Bb8 82.Rh7 Bf4 83.Ra7+ Kb8 84.Ra3 Bc7+ 85.Kc6 Bf4
86.Rb3+ Ka8 87.Kd7 Ka7 88.Rf3 Be5 89.Rf7 Bg3 90.Kc6+ Ka8 91.Kb6 Bb8 92.Rh7 Bf4
93.Ra7+ Kb8 94.Rf7 Be3+ 95.Ka6 Bd4 96.Rf8+ Kc7 97.Rf7+ Kc6 98.Rf4 Be5  1/2-1/2

[Event "17th HIT Open A"]
[Site "Nova Gorica SLO"]
[Date "2012.01.29"]
[Round "5"]
[White "Pregarac,V"]
[Black "Brcar,Al"]
[Result "1-0"]
[WhiteElo "2131"]
[BlackElo "1990"]

1.d4 d5 2.c4 c6 3.Nf3 Nf6 4.Qc2 e6 5.g3 Nbd7 6.Bg2 Bb4+ 7.Bd2 Be7 8.O-O O-O
9.Rd1 b6 10.Bf4 Bb7 11.Nc3 Nh5 12.Bd2 f5 13.a4 Ba6 14.cxd5 exd5 15.Bh3 g6
16.Bh6 Ng7 17.Qd2 Nf6 18.Ne5 Bb7 19.a5 Rb8 20.Rdc1 Bd6 21.Nd3 Qe8 22.Bf4 Qd8
23.Bxd6 Qxd6 24.Qf4 Qxf4 25.Nxf4 Rfe8 26.axb6 axb6 27.Ra7 Ne6 28.Nxe6 Rxe6
29.e3 h5 30.Ne2 Kf7 31.Nf4 Re7 32.Nd3 Nd7 33.Bg2 Ke6 34.Nb4 Nf6 35.Nxc6 Rc8
36.Nxe7 Rxc1+ 37.Bf1 Bc6 38.Rc7 Kd6 39.Rxc6+ Rxc6 40.Nxc6 Kxc6 41.f3 Nh7
42.Kf2 Nf6 43.Ke1 Ne8 44.Kd2 Nd6 45.Kd3 Kb5 46.Kc3+ Ka4 47.Bd3 Ka5 48.b3 b5
49.Bf1 b4+ 50.Kd3 Kb5 51.Bg2 g5 52.e4 dxe4+ 53.fxe4 fxe4+ 54.Bxe4 Kb6 55.h4 gxh4
56.gxh4 Kc7 57.Bg6 Kb6 58.Ke3 Kc6 59.Be4+ Kd7 60.Kd3 Ke6  1-0